000
00350nam a2200169Ia 4500
100
_a
Dandamudi/Sivarama P
650
_a
RISC
942
_c
BK
366
_f
17.5
654
_a
Risc processor
245
_a
Guide to RISC Processors
260
_b
Springer
_a
New Delhi
_c
2005
082
_b
DAN
300
_a
387
546
_a
ENGLISH
999
_c
34074
_d
34074